00360nam a2200133Ia 4500003000400000008004100004040001600045082001600061100001800077245005500095260003700150650001900187650002000206GCL140319s9999 xx 000 0 eng d aGCL / cGCL04a301.072bLN1 aLAYDER, DEREK10aNEW STRATEGIS IN SOCIAL RESEARCH / cLAYDER, DEREK a[S.N] : bPOLITY PRESS ، c199304aSOCIAL SCIENCE04aSOCIAL RESEARCH